000
00296nam a2200145 a 4500
008
190521s1992|||| d
260
_c
1992
_b
Léčiva
_a
Praha
300
_a
4430s.
958
_a
A
245
1
0
_a
Vademecum
250
_a
1.vydanie
020
_c
0
041
_a
cze
044
_a
CZ
999
_c
20682
_d
20682